Anuario de Derecho Público 2017
Guardat en:
| Autor corporatiu: | |
|---|---|
| Format: | Llibre |
| Idioma: | espanyol |
| Publicat: |
Santiago, Chile.
Ediciones Universidad Diego Portales,
2017
|
| Edició: | Primera edición |
| Matèries: | |
| Accés en línia: | Disponible Online- Desde Derecho UDP |
| Etiquetes: |
Afegir etiqueta
Sense etiquetes, Sigues el primer a etiquetar aquest registre!
|
MARC
| LEADER | 00000cam a2200000 a 4500 | ||
|---|---|---|---|
| 001 | UCC3732 | ||
| 003 | CL-VaPUC | ||
| 005 | 20250414152150.0 | ||
| 008 | 180608e20170000cl |||||||||||||||||spa|d | ||
| 999 | |c 371419 |d 371417 | ||
| 020 | |a 9789563143980 | ||
| 040 | |c Pontificia Universidad Católica de Valparaíso | ||
| 082 | 0 | 4 | |a 342.83066 UNI 2017 |2 21 |
| 110 | 1 | |a Universidad Diego Portales |9 862967 | |
| 245 | 1 | 0 | |a Anuario de Derecho Público 2017 |
| 250 | |a Primera edición | ||
| 260 | |a Santiago, Chile. |b Ediciones Universidad Diego Portales, |c 2017 | ||
| 300 | |a 507 páginas | ||
| 505 | |a SECCIÓN DE DERECHO INTERNACIONAL Y COMPARADO La matriz de T.H. Marshall y la Convención Interamericana sobre la Protección de los Derechos Humanos de las Personas Mayores / Aída Díaz-Tendero Bollain Jurisprudencia de la Gran Sala y caso piloto del Tribunal Europeo de Derechos Humanos durante el 2016 / Cristián Apiolaza, Marcela Díaz, Gabriela Sanzana, Judith Schönsteiner REDD+ en Chile: Análisis de las políticas públicas de Bosques y Cambio Climático y crítica al mercado de los servicios ecosistémicos / Ezio Costa Cordella Arbitraje Filipinas c. China en el Mar del Sur de China / María Teresa Infante Caffi La política comercial del Reino Unido post-Brexit: el comienzo de un viaje complejo / Holger Hestermeyer y Federico Ortino Proteção internacional à diversidade sexual e combate à violência e discriminação baseadas a orientação sexual e identidade de gênero / Flávia Piovesan y Akemi Kamimura El informe de la cidh sobre estándares interamericanos de derechos de los migrantes, refugiados y otras personas en situación de movilidad / Felipe González Morales SECCIÓN DERECHO ADMINISTRATIVO ¿Dónde están los límites de la revisión judicial? El caso de la Norma Secundaria de Calidad Ambiental del Río Valdivia y los Tribunales Ambientales como entidad de control / Catalina Medel La aplicación de principios del Derecho penal en el Derecho administrativo sancionador. Comentarios a partir del último fallo Bocamina / Francisca Moya Marchi La comisión para el mercado financiero y el perímetro regulatorio del regulador: algunas notas sobre sus implicancias / Diego Morales L & George Lambeth V. Las limitaciones a la constitución de servidumbres mineras / María Agnes Salah Abusleme Sanciones administrativas, principio de proporcionalidad y efecto de la inaplicabilidad cuando la gestión pendiente revisa un acto administrativo. El Tribunal Constitucional como contencioso de multas en el Caso Cascada / Pablo Soto Delgado SECCIÓN DERECHO CONSTITUCIONAL Reforma a las relaciones sindicales en Chile, o sobre el legislador impasible / Daniela Marzi Muñoz Negociacion colectiva, huelga y reforma: una nueva cartografía Collective negotiation, strike and reform: a new mapping / José Luis Ugarte Cataldo Crisis institucional en Chile: acogimiento residencial como vulneración del derecho del niño, niña y adolescente a la vida familiar / Fabiola Lathrop Gómez Nuevas reglas de probidad para la función pública: ¿avanzamos? / Gladys Camacho Cépeda El futuro de las leyes secretas / Pablo Contreras La Reforma Laboral como crisis de la dinámica hegemónica transicional / Fernando Muñoz L. | ||
| 583 | |a last modification |c 20180608 10:40:00 |k Rodrigo Vera | ||
| 650 | 0 | |a Derecho público chileno |9 490549 | |
| 650 | 0 | |a Derecho administrativo chileno |9 461009 | |
| 650 | 0 | |a Procedimiento administrativo |9 256132 | |
| 650 | 0 | |a Jurisprudencia |9 255952 | |
| 856 | |u https://derecho.udp.cl/cms/wp-content/uploads/2020/06/Anuario-Derecho-Publico-2017.pdf |y Disponible Online- Desde Derecho UDP | ||
| 942 | |c BK |2 ddc | ||
| 945 | |d 20180608 10:40:00 |a dcastane | ||
| 952 | |0 0 |1 0 |2 ddc |3 erb |4 0 |6 342_830660000000000_UNI_2017 |7 0 |8 A |9 488413 |a BIBDER |b BIBDER |i 5474337 |l 1 |o 342.83066 UNI 2017 |p 5474337 |r 2023-01-25 |s 2021-09-07 |w 2019-11-24 |y BK |z Catalogado en:20180608 |k DER | ||